00301pab a2200109 454500008004000000100002400040245005800064260000900122300001300131650000800144773003900152180718b2004 xxu||||| |||| 00| 0 eng d aSoderblom, Jason D. aHow to avoid unnecessary wars - use your intelligence c2004 ap.14-21. aWar aInternational Politics and Society